| 000 | 00568nam a22001577a 4500 | ||
|---|---|---|---|
| 008 | 211118b |||||||| |||| 00| 0 eng d | ||
| 020 | _a9789966149183 | ||
| 050 | _aHC 865 .M88 2016 | ||
| 100 | _aMuthama, John. | ||
| 245 |
_aTears for my motherland: _bsorry state of the nation and solution for making things right/ |
||
| 250 | _bJohnson Muthana | ||
| 260 |
_aNairobi[Kenya]: _bNairobi Academic Press, _cc2016. |
||
| 300 |
_avii,143p. : _c18 cm. |
||
| 500 | _aIncludes bibliographical details and index. | ||
| 942 |
_2lcc _cAFRICANA _hHC 865 .M88 2016 |
||
| 999 |
_c30988 _d30988 |
||